000 00481nam a2200181Ia 4500
001 9348
005 20260306161712.0
008 260306t2013||||xx |||||||||||||| ||spa||
041 _aESP
082 _a378.12
_bZ12
100 _aZabalza, Miguel Ángel
_eAUT
245 0 _aCompetencias docentes del profesor universitario:
_bcalidad y desarrollo profesional
260 _c2013
300 _a229 páginas :
_c24 cm.
650 _aGEN
654 _aCED
942 _cLIB
_dJUS
_fJUS
_2ddc
_n
999 _c9348
_d9348